Testo della Canzone - Pamplona, Fabri Fibra e Thegiornalisti - Statistics

Statistiche generali
  • Questo quiz è stato fatto 224 volte
  • Il punteggio medio è 203 su 386
Statistiche sulle risposte
Testo % Corretto
i
97%
a
96%
A
96%
la
93%
La
93%
in
91%
In
91%
Ma
91%
le
88%
un
86%
Un
86%
E
84%
è
84%
e
84%
È
84%
Ci
83%
ci
83%
non
83%
Non
83%
che
82%
Che
82%
gli
81%
Gli
81%
funziona
78%
Se
78%
si
78%
Pamplona
77%
uffici
77%
tu
75%
C'è
74%
c'è
74%
con
74%
di
74%
come
72%
Per
72%
per
72%
Stavo
70%
stavo
70%
casa
69%
hanno
69%
libanese
68%
Libanese
68%
Quando
68%
Siamo
66%
sparato
66%
tele
66%
centro
65%
col
65%
quanta
65%
sotto
65%
violenza
65%
dentro
64%
Dove
64%
qui
64%
passa
63%
correre
62%
tori
62%
adesso
61%
meglio
61%
sei
61%
vuoi
61%
comincia
60%
cazzo
58%
Italia
58%
l'Apocalisse
57%
L'estate
56%
della
55%
pazzo
55%
città
54%
diventando
54%
Giuro
53%
luci
53%
lavoravo
52%
su
51%
Su
51%
Frate
50%
l'affitto
50%
malapena
50%
Però
50%
il
49%
Il
49%
ufficio
49%
pagavo
48%
università
47%
fanno
41%
qualcosa
41%
al
40%
segui
40%
Segui
40%
oggi
38%
Oggi
38%
vita
38%
nel
36%
Beviamoci
33%
lo
33%
tutti
33%
youtuber
33%
cantanti
31%
più
31%
brutta
30%
Ho
30%
quindici
30%
anni
29%
contanti
29%
da
29%
nella
28%
crude
27%
rime
27%
tasca
26%
gente
24%
questo
24%
alle
23%
modelle
23%
ricambio
23%
generazionale
22%
agli
21%
una
21%
vomitato
21%
lascia
20%
matto
20%
DJ
19%
passo
18%
Sognavo
18%
Kardashian
16%
moda
16%
bella
15%
gira
15%
machete
15%
nazionale
15%
Perché
15%
francese
14%
rapper
14%
spumante
14%
sulla
14%
Champagne
13%
Corro
13%
divide
13%
Milano
13%
Pace
13%
vecchi
13%
borsa
12%
fascia
12%
Gucci
12%
mutande
12%
vanno
11%
chi
10%
Isis
10%
letto
10%
piove
10%
politica
10%
divisi
9%
Fuori
9%
Intimissimi
9%
vedi
9%
ventenni
9%
guarda
8%
missili
8%
Pa-Pamplona
8%
pista
8%
sento
8%
fighe
7%
insieme
7%
pagarsi
7%
passanti
7%
posto
7%
sfilate
7%
TV
7%
vuole
7%
crisi
6%
nostro
6%
parlare
6%
qual'è
6%
volano
6%
cielo
5%
collassa
5%
questi
5%
selfie
5%
uccide
5%
Droga
4%
Fuggiamo
4%
fuggiamo
4%
accenda
3%
luce
3%
party
3%
sapere
3%
sorvoliamo
3%
unisciti
3%
Vieni
3%
adulti
2%
hashtag
2%
l'oceano
2%
neanche
2%
parole
2%
tanto
2%
trovano
2%
Ogni
1%
Nessun quiz corrispondente trovato
Distribuzione punteggi
Percentuale di utenti per punteggio
Percentile per numero di risposta
I tuoi punteggi nel tempo
Non hai fatto questo quiz